Score 0/20 Timer 04:00
0 Plays Today
Musical Wrong Letter % Correct
Picked (2003)???
87.2%
The Toy from Oz (2003)???
87.1%
Kiss Saigon (1989)???
86.1%
Sweat Charity (1966)???
81.9%
Sue Loves Me (1963)???
80.4%
A Wonderful Lift (1991)???
77.8%
Slow Boat (1927)???
76.6%
Funny Fact (1927)???
73%
Porgy and Boss (1935)???
71.8%
Live Life (1948)???
69.2%
Musical Wrong Letter % Correct
Bedhead (1959)???
69.2%
Blond Brothers (1983)???
66.1%
Cars (1981)???
64.8%
On the Toon (1944)???
63.5%
Sliver! (1960)???
58.5%
Carmen Bones (1943)???
58.4%
Cress (1986)???
48.4%
The Red Shops (1993)???
46.5%
Pat Joey (1940)???
44.8%
Rocks the Musical (2014)???
41.7%
Remove Ads.
Support Sporcle.
Get the best of Sporcle when you Go Orange. This ad-free experience offers more features, more stats, and more fun while also helping to support Sporcle. Thank you for becoming a member.

You're not logged in!

Compare scores with friends on all Sporcle quizzes.
OR
Log In

Show Comments

Extras

Top Quizzes Today


Score Distribution

Your Account Isn't Verified!

In order to create a playlist on Sporcle, you need to verify the email address you used during registration. Go to your Sporcle Settings to finish the process.

Report this User

Report this user for behavior that violates our Community Guidelines.

Details: